| 000 | 00917nam a2200217 a 4500 | ||
|---|---|---|---|
| 001 | 000386015 | ||
| 003 | AM-YeHGA | ||
| 005 | 20250618072326.0 | ||
| 008 | 041122s1984 ai |||||r|||||||||0|arm|d | ||
| 040 | _aAM-YeHGA | ||
| 041 | 1 |
_aarm _hrus |
|
| 245 | 1 | 0 |
_aԼենինը և երեխաները : _b[Պատմվածքներ] / _cՎ.Դ. Բոնչ-Բրուևիչ ; Թարգմ.՝ Շ. Գրիգորյան ; Նկ.՝ Պ. Մալայան. |
| 260 |
_aԵրևան : _bՍովետական գրող, _c1984. |
||
| 300 |
_a12 էջ : _bգունանկ. ; _c29 սմ. |
||
| 600 | 1 | 0 |
_aԼենին, Վլադիմիր Իլյիչ, _d1870-1924 _95803 |
| 650 | 1 | 4 |
_aՌուս մանկական գրականություն _xՊատմվածք |
| 700 | 1 |
_aԳրիգորյան, Շավարշ Ավագի _eթարգմ. _4trl |
|
| 700 | 1 |
_aՄալայան, Պետրոս Հովհաննեսի, _d1927-1995 _eնկ. _4art _92677 |
|
| 942 |
_2udc _cBK |
||
| 090 | _c148345 | ||
| 999 |
_c146958 _d146958 |
||